| 000 | 00000nam##2200000za#4500 |
| 001 | 9.528340 |
| 003 | CaOODSP |
| 005 | 20200331225302 |
| 007 | ta |
| 008 | 150406|1996||||xxc||||| f|0| 0 eng|d |
| 020 | |a0-662-62758-X |
| 040 | |aCaOODSP|beng |
| 041 | |aeng |
| 041 | |afre |
| 043 | |an-cn--- |
| 086 | 1 |aC21-24/14-1996 |
| 110 | 1 |aCanada. |bIndustry Canada. |
| 245 | 10|aEmployment performance in the knowledge-based economy / |cIssued jointly by Surendra Gera and Philippe Massé and Human Resources Development Canada. |
| 260 | |aOttawa - Ontario : |bIndustry Canada |cDecember 1996. |
| 300 | |aEnglish text, ii, 110p. : |bgraphs, tables ; |c28 cm. |
| 490 | 1 |aWorking paper|vNo. 14 |
| 500 | |a"This study examines the relationship between structural change and employment performance of the Canadian economy over the period 1971 to 1991, using Statistics Canada's input/output model."--Executive summary. N.B.: Incorrect catalogue number (C21-23/15-1996) printed in this publication. |
| 504 | |aBibliography. |
| 520 | 3 |aThis study examines the relationship between structural change and employment performance of the Canadian economy over the period 1971 to 1991, using Statistics Canada's input/output model.--Executive summary |
| 546 | |aBilingual |
| 563 | |aSoftcover |
| 590 | |a97-15|b1997-04-11 |
| 690 | 07|aEmployment|2gcpds |
| 690 | 07|aInformation technology|2gcpds |
| 720 | 1 |aGera, Surendra |
| 720 | 1 |aMassé, Philippe |
| 776 | 0#|tEmployment performance in the knowledge-based economy / |w(CaOODSP)9.570573 |
| 776 | 0#|tPerformance de l'emploi dans l'économie du savoir / |w(CaOODSP)9.601222 |
| 792 | |tPerformance de l'emploi dans l'économie du savoir / |efre|w(CaOODSP)9.528341 |
| 830 | #0|aWorking paper ;|vNo. 14|w(CaOODSP)9.509052 |
| 986 | |aW-97-9E/F |